Catálogo
 En Linea
Vista normal Vista MARC

Entrada Nombre personal

Número de registros utilizados en: 1

001 - NÚMERO DE CONTROL

  • campo de control: 89562

003 - IDENTIFICADOR DEL NÚMERO DE CONTROL

  • campo de control: DO-SdBNP

005 - FECHA Y HORA DE LA ÚLTIMA TRANSACCIÓN

  • campo de control: 20260514111625.0

008 - DATOS DE LONGITUD FIJA

  • campo de control de longitud fija: 260514|| aza||aabn | a|a d

040 ## - FUENTE DE LA CATALOGACIÓN

  • Centro catalogador/agencia de origen: DO-SdBNP
  • Lengua de catalogación: spa
  • Centro/agencia transcriptor: BNPHU
  • Normas de descripción: rda

100 ## - ENCABEZAMIENTO-NOMBRE DE PERSONA

  • Nombre de persona: Cochon Aranda, Manuel

372 ## - CAMPO DE ACTIVIDAD

  • Campo de actividad: Dermatólogo

373 ## - GRUPO ASOCIADO

  • Grupo asociado: Instituto Dermatológico y Cirugía de Piel Doctor Huberto Bogaert Díaz

374 ## - OCUPACIÓN

  • Ocupación: Doctor

375 ## - GÉNERO/SEXO

  • Género/Sexo: Mascuino

Con tecnología Koha